• 首页
  • 本馆介绍
  • 公告通知
  • 最新文献
  • 馆藏检索
  • 电子资源
  • 读者导购
  • 参考咨询
  • 我的图书馆
  • 登录
  • 详细信息显示
  • 放入我的书架
  • 预约/预借图书
  • 作者相关作品
  • 分类相关作品
  • 丛书相关作品
  • 出版社相关作品

书目信息

  • 表格格式
  • 工作单格式
  • 卡片格式
题名:
可视化航天测控与遥操作
    
 
作者: 卢石磊 著
分册:  
出版信息: 青岛   中国海洋大学出版社  2021.07
页数: 284页
开本: 26cm
丛书名:
单 册:
中图分类: V556 , TP72
科图分类:
主题词: 航天测控--hang tian ce kong , 航天遥感--hang tian yao gan
电子资源:
ISBN: 978-7-5670-2341-3
000 01190nam0 2200253 450
001 2253812855
005 20220915145722.71
010    @a978-7-5670-2341-3@dCNY118.00
100    @a20220112d2021 em y0chiy50 ea
101 0  @achi
102    @aCN@b370000
105    @aa z 000yy
200 1  @a可视化航天测控与遥操作@Ake shi hua hang tian ce kong yu yao cao zuo@f卢石磊 ... [等] 著
210    @a青岛@c中国海洋大学出版社@d2021.07
215    @a284页@c彩图@d26cm
304    @a题名页题其余责任者: 赵正旭, 张庆海, 郭阳, 赵卫华
330    @a本书以图文的形式向读者介绍了青岛理工大学复杂网络与可视化研究所与北京航天飞行控制中心合作, 参加国家载人航天和深空探测工程, 介绍了青岛理工大学与国家航天局空间碎片监测与应用中心、国家 (青岛) 军民融合创新示范区古镇口核心区、昆宇蓝程 (北京) 科技有限责任公司共建“空间碎片监测与低轨卫星组网联合实验室”的建设情况及相关项目成果。此外, 本书还记录了复杂网络与可视化研究所参加国家航天任务的相关新闻报道、实验室建设、科研成果等情况。
606 0  @a航天测控@Ahang tian ce kong
606 0  @a航天遥感@Ahang tian yao gan
690    @aV556@v5
690    @aTP72@v5
701  0 @a卢石磊@Alu shi lei@4著
801  0 @aCN@b人天书店@c20220112
905    @aZUCC@dV556@e1
    
    可视化航天测控与遥操作/卢石磊 ... [等] 著.-青岛:中国海洋大学出版社,2021.07
    284页:彩图;26cm
    
    
    ISBN 978-7-5670-2341-3:CNY118.00
    本书以图文的形式向读者介绍了青岛理工大学复杂网络与可视化研究所与北京航天飞行控制中心合作, 参加国家载人航天和深空探测工程, 介绍了青岛理工大学与国家航天局空间碎片监测与应用中心、国家 (青岛) 军民融合创新示范区古镇口核心区、昆宇蓝程 (北京) 科技有限责任公司共建“空间碎片监测与低轨卫星组网联合实验室”的建设情况及相关项目成果。此外, 本书还记录了复杂网络与可视化研究所参加国家航天任务的相关新闻报道、实验室建设、科研成果等情况。
●
相关链接 在五车中查询图书 在当当中查询图书 在豆瓣中查询图书


正题名:可视化航天测控与遥操作     索取号:V556/1         预约/预借

序号 登录号 条形码 馆藏地/架位号 状态 备注
1 2000891949   2000891949   第三书库/ [索取号:V556/1] 在馆    
2 2000891950   2000891950   第三书库/ [索取号:V556/1] 在馆    
3 2000891951   2000891951   第三书库/ [索取号:V556/1] 在馆    
山东省滨州职业学院图书馆 欢迎您!
大连网信软件有限公司© 版权所有